| 000 | 00670nam a2200229 a 4500 | ||
|---|---|---|---|
| 008 | |||
| 020 | _a0771098065 | ||
| 049 | _aMAIN | ||
| 090 | _aHB99.7 | ||
| 100 | 1 |
_aTimlin, Mabel F. _q(Mabel Frances) |
|
| 245 | 1 | 0 |
_aKeynesian economics / _cMabel F. Timlin. |
| 260 |
_aToronto : _bMcClelland and Stewart, _cc1977. |
||
| 300 |
_axxii, 198 p. ; _c18 cm. |
||
| 440 | 0 |
_aCarleton library ; _vno. 107 |
|
| 504 | _aIncludes bibliographical references. | ||
| 650 | 0 | _aKeynesian economics. | |
| 907 |
_a.b10021012 _b26-06-03 _c17-04-03 |
||
| 003 | |||
| 005 | 20230123133309.0 | ||
| 040 | _cNUST | ||
| 942 |
_cBOOKS _kHB99.7 |
||
| 999 |
_c146159 _d146159 |
||